Algoritmičeskije jazyki real'nogo vremeni konstruirovanije i razrabotka

Guardado en:
Detalles Bibliográficos
Formato: Libro
Lenguaje:ruso
Publicado: Moskva Mir 1985
Etiquetas: Agregar Etiqueta
Sin Etiquetas, Sea el primero en etiquetar este registro!

MARC

LEADER 00000nam a2200000 4500
001 c110417
005 20260130130212.8
041 0 |a rus 
044 |a RU 
245 1 0 |a Algoritmičeskije jazyki real'nogo vremeni  |b konstruirovanije i razrabotka  |c Stephen J. Young ; [Perevod s anglijskogo L.V. Uchov] 
264 1 |a Moskva  |b Mir  |c 1985 
300 |a 400 s.